Effectif du Paris Basketball 2024-25 - Statistiques

Statistiques générales
  • Ce quiz a été pris 62 fois
  • Le résultat moyen est 9 sur 18
Statistiques - réponses
Poste Pays Joueur % Correct
SG/PG 🇫🇷 Nadir Hifi
98%
PG 🇲🇰 TJ Shorts II
82%
SF/PF 🇺🇸 Tyson Ward
76%
C 🇺🇸 Kevarius Hayes
67%
SF/PF 🇫🇷 Leopold Cavalière
63%
PG/SG 🇩🇪 Maodo Lô
59%
SG 🇨🇱 Sebastian Herrera
57%
PF 🇫🇷 Bandja Sy
55%
PF 🇫🇮 Mikael Jantunen
51%
SG 🇫🇷 Yakuba Ouattara
47%
C 🇩🇪 Leon Kratzer
43%
SF/SG 🇺🇸 Colin Malcolm
37%
PF/C 🇫🇷 Enzo Shahrvin
37%
C 🇫🇷 Mathis Dossou-Yovo
33%
PF 🇺🇸 Daulton Hommes
24%
PG 🇫🇷 Ilian Moungalla
16%
SG/SF 🇫🇷 Yssam Moungalla
16%
C 🇩🇪 Michael Kessens
12%
Aucun quiz correspondant
Distribution des résultats
% des personnes avec chaque résultat
Percentile par nombre de réponses
Votre historique - résultats
Vous n’avez pas pris ce quiz